Comentr̀ios ao Cd̤igo de Processo Civil Sob a perspectiva do processo do trabalho /

Bibliographic Details
Main Author: Teixeira Filho, Manoel Antonio
Format: eBook
Language:Portuguese
Published: San Pablo: LTR, 2019
Edition:3era. edicin̤
Subjects:
Online Access:Acceso restringido

MARC

LEADER 00000nam a22000007a 4500
005 20220217235313.0
007 cr|||| |||
008 220217s2019 br |||||s|||| 00||0 por d
020 |a 978-85-361-9934-4 
035 |a 36129 
040 |a vLex 
090 |c 13032  |d 13032 
100 1 |a Teixeira Filho, Manoel Antonio 
245 1 0 |a Comentr̀ios ao Cd̤igo de Processo Civil  |h [Recurso electrn̤ico] :  |b Sob a perspectiva do processo do trabalho /  |c Manoel Antonio Teixeira Filho 
250 |a 3era. edicin̤ 
256 |a Servicio en ln̕ea 
260 |a San Pablo:  |b LTR,  |c 2019 
300 |a 1 recurso electrn̤ico 
500 |a Nesta 3.a ediȯ̂, o Autor: a) amplia os comentr̀ios s̉ normas do CPC de 2015, efetuados nas ediė̳s anteriores; b) atualiza o texto comentado mediante anl̀ise tp̤ica das disposiė̳s processuais da Lei n. 13.467/2017, que introduziu a denominada Reforma Trabalhista; c) altera o fluxograma referente ̉tutela cautelar em cart̀er incidente; d) reproduz Sm︢ulas e Orientaė̳s Jurisprudenciais do TST, sobre matřia processual, que foram atualizadas em virtude da Lei n. 13.467/2017; e) transcreve os Enunciados adotados na 2.a Reuniô do Fr̤um Nacional de Processo do Trabalho, realizado em Belo Horizonte, nos dias 26 e 27 de agosto de 2016. Todos os temas sô examinados com minc︢ia e profundidade. O Autor procura, ao longo da obra, solucionar as diversas dificuldades enfrentadas por todos aqueles que atuam no ḿbito da Justiȧ do Trabalho, no que diz respeito ̉aplicaȯ̂ ao processo do trabalho das normas do CPC, ou ̉interpretaȯ̂ das disposiė̳s processuais da Lei n. 13.467/2017. Por tudo isso, o livro se torna uma valiosa fonte de consulta para advogados, juz̕es, membros do Ministřio Pb︢lico, professores e acadm̊icos de Direito. 
506 1 |a Disponible solo en los productos indicados  |d vLex Global  |d vLex Global (Academic Edition, excluding Law Schools)  |d vLex Global (U.S. Academic Edition, Law Schools)  |d vLex Global (U.S. Academic Edition, excluding Law Schools)  |d vLex Global (Academic Edition, Law Schools) 
650 0 4 |a Procedimiento Laboral  |z Brasil 
650 0 4 |a Procedimiento Civil  |z Brasil 
740 0 |a vLex Libros (Servicio en ln̕ea) 
856 4 0 |u https://app.vlex.com/#/sources/36129  |z Acceso restringido 
942 |c BOOK 
999 0 |a Labor Procedure 
999 0 |a Civil Procedure